Tráfico telefónico en redes Voip
Збережено в:
| Автор: | |
|---|---|
| Інші автори: | |
| Формат: | Книга |
| Опубліковано: |
[San José, Costa Rica]
2006
|
| Предмети: | |
| Теги: |
Додати тег
Немає тегів, Будьте першим, хто поставить тег для цього запису!
|
MARC
| LEADER | 00000nam a2200000Ia 4500 | ||
|---|---|---|---|
| 003 | 009858 | ||
| 005 | 20240130153336.0 | ||
| 008 | 140114s2006 cr a 000 ||s d | ||
| 040 | |c cru CEDI | ||
| 090 | |a TFG 5384 | ||
| 100 | |a Chaves Varela, Jeremías, 1983- |9 2254 | ||
| 245 | |a Tráfico telefónico en redes Voip | ||
| 260 | |c 2006 |b [San José, Costa Rica] | ||
| 300 | |a xx, 151 hojas; ilustraciones (principalmente a color) | ||
| 500 | |a Proyecto de graduación (bachillerato en ingeniería eléctrica)--Universidad de Costa Rica. Facultad de Ingeniería. Escuela de Ingeniería Eléctrica | ||
| 501 | |a Profesor Guía de IE-0502 Proyecto Eléctrico: Ing. Víctor Hugo Chacón Prendas | ||
| 650 | |x TELEFONIA |x INTERNET |x SISTEMAS DE PROCESAMIENTO DE LA VOZ |9 4999 | ||
| 700 | |a Chacón Prendas, Víctor Hugo, 1950- |d Director de Proyecto Eléctrico |9 1745 | ||
| 942 | |c TFG |h TFG 5384 |i 009858 |6 TFG_5384_009858000000000 | ||
| 999 | |c 16891 |d 16891 | ||
